| Поле | Название | Значение |
| |
Тип записи |
c |
| |
Библиографический уровень |
m |
| 001 |
Контрольный номер |
RU/УОНБ/EK_N/691173634 |
| 005 |
Дата корректировки |
20250520122658.8 |
| 010 |
Индекс ISBN |
__ |
| 9 |
Тираж |
25000 экз. |
| 013 |
Номер (ISMN) |
__ |
| d |
Цена |
45 к. |
| 100 |
Данные общей обработки |
__ |
| a |
Данные общей обработки |
20211125d2021 c |0rusy0189||||ca |
| 101 |
Язык документа |
0_ |
| a |
Язык текста |
rus |
| f |
Язык титульного листа |
rus |
| 102 |
Страна публикации |
__ |
| a |
Страна публикации |
RU |
| 105 |
Кодированные данные (монография) |
__ |
| a |
Кодированные данные (монография) |
y###||||000|y |
| 125 |
Кодированные данные звукозаписи и нотных изданий |
__ |
| a |
Форма изложения нотного текста |
с| |
| 128 |
Кодированные данные (звукозаписи-физические характеристики) |
__ |
| a |
Кодированные данные: Музыкальная форма и тональность или лад |
chs |
| a |
Кодированные данные: Музыкальная форма и тональность или лад |
fso |
| b |
Инструменты или голоса, необходимые для ансамблей (устаревшее) |
cd|| |
| c |
Инструменты или голоса, рекомендуемые для солистов (устаревшее) |
vu|| |
| 200 |
Заглавие и сведения об ответственности |
1_ |
| a |
Заглавие |
Пестрый хоровод |
| b |
Общее обозначение материала |
Ноты |
| e |
Сведения, относящиеся к заглавию |
песни, игры и хороводы народов РСФСР |
| e |
Сведения, относящиеся к заглавию |
для детей дошкольного и мл. шк. возраста |
| e |
Сведения, относящиеся к заглавию |
в сопровожд. фп. (баяна) |
| f |
Первые сведения об ответственности |
сост. Л. Феоктистова ; обраб. Л. Тумашева |
| 210 |
Выходные данные |
1_ |
| a |
Место издания |
Москва |
| c |
Издательство |
Музыка |
| d |
Дата издания |
1986 |
| 215 |
Физическое описание |
__ |
| a |
Объем |
31 с. |
| d |
Формат |
29 см |
| 327 |
Примечание о содержании |
11 |
| a |
Примечание о содержании |
Содерж. : Заплетися, плетень : рус. нар. песня. - Где зимой брели бураны : башк. нар. мелодия / сл. И. Мазнина. - Верблюд и верблюжонок : бурятская нар. мелодия / сл. Л. Яхнина. - Не обожгись! : дагест. нар. мелодия / сл. Л. Яхнина. - Гуси : кабардино-балк. нар. мелодия / сл. Л. Яхнина. - Дождик - добрый друг : калмыцкая нар. мелодия / сл. И. Мазнина. - Наш Карельский край : карел. нар. мелодия / сл. И. Мазнина. - Лесная хороводная : карел. нар. игра / сл. народные. - Ты вози, вози, олень : нар. мелодия коми / сл. И. Мазнина. - Где платок? : марийская нар. мелодия / сл. Л. Яхнина. - Рыщет по лесу лисица : морд. нар. мелодия / сл. И. Мазнина. - Мяч в ямке : морд. нар. игра. - Журавли : осет. нар. мелодия / сл. Л. Яхнина. - Элчи-бэлчи : тат. нар. мелодия / сл. Л. Яхнина. - Мышка прячется в норе : тув. нар. мелодия / сл. Л. Яхнина. - Горелки : удмурт. нар. мелодия / сл. И. Мазнина. - Змейка : "Под горой бежит ручей." : чечено-ингуш. нар. мелодия / сл. Л. Яхнина. - Солнце и месяц : "Как на праздничном базаре." : чуваш. нар. мелодия / сл. И. Мазнина. - Ястреб и утки : "Дикая утка - болотный чирок." : якут. нар. мелодия / сл. И. Мазнина. |
| 464 |
Аналитический уровень |
_0 |
| 1 |
|
2001 |
| a |
|
Заплетися, плетень |
| e |
|
Заплетися, плетень, заплетися... |
| e |
|
рус. нар. песня |
| 464 |
Аналитический уровень |
_0 |
| 1 |
|
2001 |
| a |
|
Где зимой брели бураны |
| e |
|
Где зимой брели бураны... |
| e |
|
башк. нар. мелодия |
| 1 |
|
702 1 |
| a |
|
Мазнин |
| b |
|
И. |
| 4 |
|
520 |
| 464 |
Аналитический уровень |
_0 |
| 1 |
|
2001 |
| a |
|
Верблюд и верблюжонок |
| e |
|
Мой верблюд идет пешком |
| e |
|
бурятская нар. мелодия |
| 1 |
|
702 1 |
| a |
|
Яхнин |
| b |
|
Л. |
| 4 |
|
520 |
| 464 |
Аналитический уровень |
_0 |
| 1 |
|
2001 |
| a |
|
Не обожгись! |
| e |
|
Под горой стоит шатер... |
| e |
|
дагест. нар. мелодия |
| 1 |
|
702 1 |
| a |
|
Яхнин |
| b |
|
Л. |
| 4 |
|
520 |
| 464 |
Аналитический уровень |
_0 |
| 1 |
|
2001 |
| a |
|
Гуси |
| e |
|
На лужайке у пруда... |
| e |
|
кабардино-балк. нар. мелодия |
| 1 |
|
700 1 |
| a |
|
Яхнин |
| b |
|
Л. |
| 4 |
|
520 |
| 464 |
Аналитический уровень |
_0 |
| 1 |
|
2001 |
| a |
|
Дождик - добрый друг |
| e |
|
Добрый друг моих степей... |
| e |
|
калмыцкая нар. мелодия |
| 1 |
|
702 1 |
| a |
|
Мазнин |
| b |
|
И. |
| 4 |
|
520 |
| 464 |
Аналитический уровень |
_0 |
| 1 |
|
2001 |
| a |
|
Наш Карельский край |
| e |
|
Камышей прибрежных чащи... |
| e |
|
карел. нар. мелодия |
| 1 |
|
702 1 |
| a |
|
Мазнин |
| b |
|
И. |
| 4 |
|
520 |
| 464 |
Аналитический уровень |
_0 |
| 1 |
|
2001 |
| a |
|
Лесная хороводная |
| e |
|
Над лесною стороной... |
| e |
|
карел. нар. игра |
| 1 |
|
702 1 |
| a |
|
Слова народные |
| 4 |
|
520 |
| 464 |
Аналитический уровень |
_0 |
| 1 |
|
2001 |
| a |
|
Ты вози, вози, олень |
| e |
|
Ты вози, вози, олень... |
| e |
|
нар. мелодия коми |
| 1 |
|
702 1 |
| a |
|
Мазнин |
| b |
|
И. |
| 4 |
|
520 |
| 464 |
Аналитический уровень |
_0 |
| 1 |
|
2001 |
| a |
|
Рыщет по лесу лисица |
| e |
|
Рыщет по лесу лисица... |
| e |
|
морд. нар. мелодия |
| 1 |
|
702 1 |
| a |
|
Мазнин |
| b |
|
И. |
| 4 |
|
520 |
| 464 |
Аналитический уровень |
_0 |
| 1 |
|
2001 |
| a |
|
Мяч в ямке |
| e |
|
морд. нар. игра |
| 464 |
Аналитический уровень |
_0 |
| 1 |
|
2001 |
| a |
|
Журавли |
| e |
|
Кто курлычет там вдали?.. |
| e |
|
осет. нар. мелодия |
| 1 |
|
702 1 |
| a |
|
Яхнин |
| b |
|
Л. |
| 4 |
|
520 |
| 464 |
Аналитический уровень |
_0 |
| 1 |
|
2001 |
| a |
|
Элчи-бэлчи |
| e |
|
Элчи-бэлчи, у порога... |
| e |
|
тат. нар. мелодия |
| 1 |
|
702 1 |
| a |
|
Яхнин |
| b |
|
Л. |
| 4 |
|
520 |
| 464 |
Аналитический уровень |
_0 |
| 1 |
|
2001 |
| a |
|
Мышка прячется в норе |
| e |
|
Мышка прячется в норе... |
| e |
|
тув. нар. мелодия |
| 1 |
|
702 1 |
| a |
|
Яхнин |
| b |
|
Л. |
| 4 |
|
520 |
| 464 |
Аналитический уровень |
_0 |
| 1 |
|
2001 |
| a |
|
Горелки |
| e |
|
Вот и март пришел... |
| e |
|
удмурт. нар. мелодия |
| 1 |
|
702 1 |
| a |
|
Мазнин |
| b |
|
И. |
| 4 |
|
520 |
| 464 |
Аналитический уровень |
_0 |
| 1 |
|
2001 |
| a |
|
Змейка |
| e |
|
Под горой бежит ручей... |
| e |
|
чечено-ингуш. нар. мелодия |
| 1 |
|
702 1 |
| a |
|
Яхнин |
| b |
|
Л. |
| 4 |
|
520 |
| 464 |
Аналитический уровень |
_0 |
| 1 |
|
2001 |
| a |
|
Солнце и месяц |
| e |
|
Как на праздничном базаре... |
| e |
|
чуваш. нар. мелодия |
| 1 |
|
702 1 |
| a |
|
Мазнин |
| b |
|
И. |
| 4 |
|
520 |
| 464 |
Аналитический уровень |
_0 |
| 1 |
|
2001 |
| a |
|
Ястреб и утки |
| e |
|
Дикая утка - болотный чирок... |
| e |
|
якут. нар. мелодия |
| 1 |
|
702 1 |
| a |
|
Мазнин |
| b |
|
И. |
| 4 |
|
520 |
| 606 |
Тематические рубрики |
0_ |
| a |
Основная рубрика |
Детские песни |
| x |
Основная подрубрика |
Народная музыка детская |
| x |
Основная подрубрика |
Игры музыкальные детские |
| x |
Основная подрубрика |
Народные песни детские |
| x |
Основная подрубрика |
Младший школьный возраст |
| x |
Основная подрубрика |
Дошкольное музыкальное воспитание |
| 610 |
Ключевые слова |
0_ |
| a |
Ключевые слова |
детские песни народные |
| 610 |
Ключевые слова |
0_ |
| a |
Ключевые слова |
музыкальные игры |
| 610 |
Ключевые слова |
0_ |
| a |
Ключевые слова |
музыкальное воспитание детей |
| 610 |
Ключевые слова |
0_ |
| a |
Ключевые слова |
народные песни детские |
| 610 |
Ключевые слова |
0_ |
| a |
Ключевые слова |
дошкольное музыкальное воспитание |
| 610 |
Ключевые слова |
0_ |
| a |
Ключевые слова |
младший школьный возраст |
| 686 |
Индексы других классификаций |
__ |
| a |
Классификационный индекс |
85.984.1-092 |
| a |
Классификационный индекс |
85.92(2) |
| 2 |
Код системы |
rubbk |
| 702 |
Вторичная интеллектуальная ответственность |
_1 |
| a |
Фамилия |
Феоктистова |
| b |
Имя (инициалы) |
Л. |
| 4 |
Код отношения |
220 |
| 702 |
Вторичная интеллектуальная ответственность |
_1 |
| a |
Фамилия |
Тумашев |
| b |
Имя (инициалы) |
Л. |
| 4 |
Код отношения |
030 |
| 801 |
Источник записи |
_0 |
| a |
Страна |
RU |
| b |
Организация |
Ульяновская ОНБ |
| c |
Дата составления |
20211125 |
| g |
Правила каталогизации |
RCR |
| 801 |
Источник записи |
_1 |
| a |
Страна |
RU |
| b |
Организация |
Ульяновская ОНБ |
| c |
Дата составления |
20211125 |
| g |
Правила каталогизации |
RCR |
| 901 |
Тип документа |
__ |
| t |
Тип документа |
m |
| 909 |
Создатель записи |
__ |
| a |
Создатель записи |
Никитина Т. А. |
| 938 |
Служебная информация |
__ |
| a |
Имя БД |
noti |
| b |
Имя библиотеки |
УОНБ |
| c |
Имя АИБС |
МАРК-SQL |
| d |
Номер DOC_ID в БД |
24888 |